000 004390000a22001810004500
003 MACL
005 20150910125245.0
008 150910b xxu||||| |||| 00| 0 eng d
040 _aMACL
_cMACL
041 _aEnglish
082 _a821/GUP
100 _aSengupta, Nandagopal
_99830
245 _aA Book Of Bengali Verse
260 _bIndian Publications
_c1969
_aCalcutta
350 _a15
650 _apoetry
_99831
942 _cBK
_k821
_2ddc
999 _c6000
_d6000